00578nam a2200169Ia 4500999001700000008004100017082001700058100001900075245002200094250000800116260003800124300000800162650003500170700002400205942001200229952016700241 c10832d10832191201s2011 xx 000 0 und d a320.954bKOP aKOTHARI, Rajni 0aPolitics in India a2nd aNew DelhibOrient Blackswanc2020 a470 aBachelor of Mass Communication aSARANGI, Prakash C. 2ddccBK 00102ddc40708BMCaPIETNCRbPIETNCRd2021-07-31eKirti PrakashanfIN Rupeesg575.00kIN2311l0o320.954 KOPpN1823r2021-08-07 00:00:00v431.25w2021-07-31yBK